[Event "DEM U18w 2017"]
[Site "Willingen GER"]
[Date "2017.06.10"]
[Round "9"]
[White "Rogozenco, Teodora"]
[Black "Leser, Katrin"]
[Result "1-0"]
[Termination "normal"]
[Board "1"]
[WhiteTitle "WFM"]
[WhiteElo "2139"]
[BlackElo "1912"]
[WhiteClock "00:09:14"]
[BlackClock "00:08:43"]
[PlyCount "57"]
[WhiteFideId "12938084"]
[BlackFideId "12997692"]
[EventCountry "GER"]
[EventRounds "9"]
[EventType "swiss"]
[EventDate "2017.06.03"]

1. d4 {[%clk 1:30:58]} 1... Nf6 {[%clk 1:30:48]} 2. Bf4 {[%clk 1:29:59]} 2...
d5 {[%clk 1:26:21]} 3. e3 {[%clk 1:30:23]} 3... e6 {[%clk 1:17:44]} 4. Nf3 {
[%clk 1:30:22]} 4... Be7 {[%clk 1:14:51]} 5. h3 {[%clk 1:27:57]} 5... O-O {
[%clk 1:08:19]} 6. Bd3 {[%clk 1:26:13]} 6... b6 {[%clk 1:06:58]} 7. c3 { [%clk
1:12:06]} 7... c5 {[%clk 1:02:04]} 8. Ne5 {[%clk 1:06:00]} 8... Bb7 { [%clk
0:58:36]} 9. g4 {[%clk 0:55:39]} 9... Ne4 {[%clk 0:50:22]} 10. g5 { [%clk
0:39:12]} 10... Bxg5 {[%clk 0:41:07]} 11. Bh2 {[%clk 0:38:27]} 11... Bxe3
{[%clk 0:29:45]} 12. Bxe4 {[%clk 0:35:35]} 12... Bxf2+ {[%clk 0:29:55]} 13.
Kxf2 {[%clk 0:35:59]} 13... dxe4 {[%clk 0:29:22]} 14. Ke3 {[%clk 0:33:16]}
14... cxd4+ {[%clk 0:24:41]} 15. cxd4 {[%clk 0:33:03]} 15... Nc6 { [%clk
0:17:23]} 16. Nxc6 {[%clk 0:32:34]} 16... Bxc6 {[%clk 0:17:47]} 17. Nc3 { [%clk
0:32:27]} 17... f5 {[%clk 0:17:50]} 18. Bf4 {[%clk 0:25:28]} 18... Rc8 { [%clk
0:16:55]} 19. Rg1 {[%clk 0:25:04]} 19... Qh4 {[%clk 0:15:51]} 20. Qf1 { [%clk
0:23:40]} 20... Qe7 {[%clk 0:13:48]} 21. Be5 {[%clk 0:19:05]} 21... g6 { [%clk
0:13:27]} 22. Qf4 {[%clk 0:19:27]} 22... Rfd8 {[%clk 0:13:05]} 23. h4 { [%clk
0:18:54]} 23... Be8 {[%clk 0:12:24]} 24. h5 {[%clk 0:18:36]} 24... Qf8 { [%clk
0:11:23]} 25. Rg2 {[%clk 0:18:34]} 25... Rc4 {[%clk 0:11:15]} 26. hxg6 { [%clk
0:13:01]} 26... Bxg6 {[%clk 0:11:15]} 27. Rh1 {[%clk 0:09:47]} 27... Kf7 {[%clk
0:09:56]} 28. Rxg6 {[%clk 0:08:47]} 28... hxg6 {[%clk 0:08:43]} 29. Rh7+ {[%clk
0:09:14]} 1-0

[Event "DEM U18w 2017"]
[Site "Willingen GER"]
[Date "2017.06.10"]
[Round "9"]
[White "Sieber, Fiona"]
[Black "Wächter, Nathalie"]
[Result "0-1"]
[Termination "normal"]
[Board "2"]
[WhiteTitle "WFM"]
[WhiteElo "2332"]
[BlackElo "1994"]
[WhiteClock "00:06:51"]
[BlackClock "00:07:58"]
[PlyCount "164"]
[WhiteFideId "12902373"]
[BlackFideId "12921033"]
[EventCountry "GER"]
[EventRounds "9"]
[EventType "swiss"]
[EventDate "2017.06.03"]

1. e4 {[%clk 1:30:58]} 1... d5 {[%clk 1:30:52]} 2. exd5 {[%clk 1:31:24]} 2...
Nf6 {[%clk 1:31:17]} 3. d4 {[%clk 1:31:50]} 3... Nxd5 {[%clk 1:31:26]} 4. Nf3 {
[%clk 1:32:15]} 4... Bg4 {[%clk 1:31:45]} 5. c4 {[%clk 1:31:54]} 5... Nb6 {
[%clk 1:32:08]} 6. c5 {[%clk 1:32:01]} 6... N6d7 {[%clk 1:32:28]} 7. h3 { [%clk
1:30:52]} 7... Bh5 {[%clk 1:31:41]} 8. Be3 {[%clk 1:30:47]} 8... Nc6 { [%clk
1:31:14]} 9. Nc3 {[%clk 1:30:22]} 9... e6 {[%clk 1:31:33]} 10. Bc4 { [%clk
1:30:01]} 10... Be7 {[%clk 1:31:47]} 11. Qe2 {[%clk 1:30:05]} 11... Nf6 { [%clk
1:31:24]} 12. O-O-O {[%clk 1:22:47]} 12... Nd5 {[%clk 1:16:54]} 13. g4 { [%clk
1:09:48]} 13... Bg6 {[%clk 1:13:42]} 14. Bb5 {[%clk 1:05:07]} 14... O-O { [%clk
1:02:56]} 15. h4 {[%clk 1:04:28]} 15... Nxc3 {[%clk 1:03:01]} 16. bxc3 { [%clk
1:04:52]} 16... Be4 {[%clk 1:03:04]} 17. Rh3 {[%clk 1:01:11]} 17... a6 { [%clk
0:53:29]} 18. Ba4 {[%clk 0:57:57]} 18... b5 {[%clk 0:41:58]} 19. Bc2 { [%clk
0:58:11]} 19... Bxc2 {[%clk 0:38:26]} 20. Qxc2 {[%clk 0:58:40]} 20... f6 {[%clk
0:35:39]} 21. d5 {[%clk 0:56:17]} 21... exd5 {[%clk 0:29:54]} 22. Qf5 { [%clk
0:56:41]} 22... Qe8 {[%clk 0:28:45]} 23. Qe6+ {[%clk 0:42:00]} 23... Kh8 {[%clk
0:28:29]} 24. Rxd5 {[%clk 0:41:32]} 24... Bxc5 {[%clk 0:27:54]} 25. Qxe8 {[%clk
0:40:31]} 25... Ba3+ {[%clk 0:28:18]} 26. Kc2 {[%clk 0:40:49]} 26... Raxe8
{[%clk 0:27:01]} 27. Bc5 {[%clk 0:35:39]} 27... Bxc5 {[%clk 0:26:14]} 28. Rxc5
{[%clk 0:36:02]} 28... Re6 {[%clk 0:19:48]} 29. Nd2 {[%clk 0:35:46]} 29... Rd8
{[%clk 0:18:05]} 30. f4 {[%clk 0:31:20]} 30... Ne7 {[%clk 0:15:11]} 31. Rxc7
{[%clk 0:23:13]} 31... Nd5 {[%clk 0:14:23]} 32. f5 {[%clk 0:18:09]} 32... Nxc7
{[%clk 0:04:04]} 33. fxe6 {[%clk 0:18:37]} 33... Nxe6 {[%clk 0:04:27]} 34. Re3
{[%clk 0:18:50]} 34... Nf4 {[%clk 0:02:13]} 35. Re4 {[%clk 0:17:09]} 35... Ng6
{[%clk 0:01:29]} 36. Nf3 {[%clk 0:15:49]} 36... Kg8 {[%clk 0:01:11]} 37. Re6
{[%clk 0:12:46]} 37... Rc8 {[%clk 0:01:06]} 38. Rxa6 {[%clk 0:05:19]} 38... b4
{[%clk 0:01:25]} 39. h5 {[%clk 0:02:31]} 39... Rxc3+ {[%clk 0:01:31]} 40. Kd2
{[%clk 0:02:48]} 40... Rxf3 {[%clk 0:01:03]} 41. hxg6 {[%clk 0:00:54]} 41...
hxg6 {[%clk 0:29:12]} 42. Ra4 {[%clk 0:22:27]} 42... Ra3 {[%clk 0:25:41]} 43.
Rxb4 {[%clk 0:22:45]} 43... Rxa2+ {[%clk 0:26:00]} 44. Ke3 {[%clk 0:23:11]}
44... Ra5 {[%clk 0:25:30]} 45. Rb1 {[%clk 0:20:04]} 45... g5 {[%clk 0:23:10]}
46. Rb7 {[%clk 0:16:34]} 46... Re5+ {[%clk 0:19:32]} 47. Kf3 {[%clk 0:17:01]}
47... Kf8 {[%clk 0:19:31]} 48. Ra7 {[%clk 0:16:39]} 48... Re7 {[%clk 0:19:23]}
49. Ra6 {[%clk 0:16:28]} 49... Kf7 {[%clk 0:19:33]} 50. Ra5 {[%clk 0:14:39]}
50... Rd7 {[%clk 0:12:17]} 51. Ra1 {[%clk 0:14:21]} 51... g6 {[%clk 0:11:29]}
52. Rg1 {[%clk 0:11:48]} 52... Rd4 {[%clk 0:10:23]} 53. Ke3 {[%clk 0:11:45]}
53... Rb4 {[%clk 0:10:03]} 54. Kf3 {[%clk 0:12:09]} 54... Rf4+ {[%clk 0:09:43]}
55. Ke3 {[%clk 0:12:38]} 55... Ke6 {[%clk 0:09:26]} 56. Rg2 {[%clk 0:12:55]}
56... Ke5 {[%clk 0:08:15]} 57. Rg1 {[%clk 0:13:24]} 57... Rb4 {[%clk 0:08:33]}
58. Kf3 {[%clk 0:11:24]} 58... Rb3+ {[%clk 0:07:56]} 59. Kg2 {[%clk 0:11:00]}
59... f5 {[%clk 0:07:27]} 60. Rf1 {[%clk 0:08:10]} 60... f4 {[%clk 0:06:49]}
61. Kf2 {[%clk 0:07:31]} 61... Rg3 {[%clk 0:06:09]} 62. Ra1 {[%clk 0:07:27]}
62... Rxg4 {[%clk 0:06:09]} 63. Ra5+ {[%clk 0:07:54]} 63... Ke4 {[%clk 0:06:02]
} 64. Ra4+ {[%clk 0:08:19]} 64... Kf5 {[%clk 0:06:23]} 65. Ra5+ {[%clk 0:08:47]
} 65... Kf6 {[%clk 0:06:42]} 66. Ra6+ {[%clk 0:09:05]} 66... Kg7 { [%clk
0:07:00]} 67. Ra7+ {[%clk 0:07:41]} 67... Kh6 {[%clk 0:07:24]} 68. Ra8 { [%clk
0:06:06]} 68... Rg3 {[%clk 0:07:32]} 69. Rh8+ {[%clk 0:06:24]} 69... Kg7 {[%clk
0:07:58]} 70. Ra8 {[%clk 0:06:51]} 70... g4 71. Ra4 g5 72. Ra7+ Kg6 73. Ra6+
Kh5 74. Ra8 Rc3 75. Rh8+ Kg6 76. Rg8+ Kh6 77. Rh8+ Kg7 78. Ra8 g3+ 79. Kg2 Rc2+
80. Kg1 f3 81. Ra1 Rg2+ 82. Kh1 Rh2+ 0-1

[Event "DEM U18w 2017"]
[Site "Willingen GER"]
[Date "2017.06.10"]
[Round "9"]
[White "Weis, Olga"]
[Black "Ley, Sabrina"]
[Result "1-0"]
[Termination "normal"]
[Board "3"]
[WhiteElo "1871"]
[BlackElo "1888"]
[WhiteClock "00:14:25"]
[BlackClock "00:01:02"]
[PlyCount "69"]
[WhiteFideId "1270234"]
[BlackFideId "12938130"]
[EventCountry "GER"]
[EventRounds "9"]
[EventType "swiss"]
[EventDate "2017.06.03"]

1. d4 {[%clk 1:30:58]} 1... d5 {[%clk 1:30:56]} 2. c4 {[%clk 1:31:12]} 2...
dxc4 {[%clk 1:31:18]} 3. Nf3 {[%clk 1:30:27]} 3... Nf6 {[%clk 1:30:26]} 4. e3 {
[%clk 1:30:36]} 4... e6 {[%clk 1:27:23]} 5. Bxc4 {[%clk 1:30:41]} 5... a6 {
[%clk 1:27:35]} 6. O-O {[%clk 1:26:54]} 6... b5 {[%clk 1:24:20]} 7. Bd3 { [%clk
1:25:09]} 7... Bb7 {[%clk 1:24:15]} 8. a4 {[%clk 1:23:42]} 8... b4 { [%clk
1:21:36]} 9. Nbd2 {[%clk 1:17:59]} 9... Nbd7 {[%clk 1:17:39]} 10. Qe2 { [%clk
1:14:04]} 10... c5 {[%clk 1:06:38]} 11. Nb3 {[%clk 1:07:47]} 11... cxd4 { [%clk
1:03:09]} 12. Nfxd4 {[%clk 1:04:13]} 12... Be7 {[%clk 0:59:45]} 13. Bd2 { [%clk
1:00:58]} 13... O-O {[%clk 0:58:00]} 14. Rfc1 {[%clk 0:58:47]} 14... Ne5 {[%clk
0:49:23]} 15. Nc5 {[%clk 0:45:00]} 15... Bxc5 {[%clk 0:41:19]} 16. Rxc5 {[%clk
0:45:16]} 16... Nxd3 {[%clk 0:40:49]} 17. Qxd3 {[%clk 0:45:29]} 17... Ne4
{[%clk 0:35:04]} 18. Re5 {[%clk 0:37:45]} 18... Nxd2 {[%clk 0:32:39]} 19. Qxd2
{[%clk 0:37:05]} 19... Qd6 {[%clk 0:27:42]} 20. Rg5 {[%clk 0:31:32]} 20... Rfd8
{[%clk 0:21:41]} 21. Qe2 {[%clk 0:28:51]} 21... g6 {[%clk 0:11:21]} 22. h4
{[%clk 0:26:39]} 22... Qe7 {[%clk 0:10:24]} 23. Qg4 {[%clk 0:22:50]} 23... Bc8
{[%clk 0:09:45]} 24. Nc6 {[%clk 0:21:24]} 24... Qc7 {[%clk 0:06:14]} 25. Nxd8 {
[%clk 0:21:14]} 25... Qxd8 {[%clk 0:05:33]} 26. Rc5 {[%clk 0:19:27]} 26... Rb8
{[%clk 0:04:48]} 27. Rd1 {[%clk 0:18:28]} 27... Qf8 {[%clk 0:03:42]} 28. Qd4 {
[%clk 0:16:04]} 28... Bb7 {[%clk 0:03:34]} 29. e4 {[%clk 0:15:22]} 29... h6 {
[%clk 0:02:49]} 30. Rc7 {[%clk 0:14:06]} 30... Ba8 {[%clk 0:01:29]} 31. Qf6 {
[%clk 0:13:30]} 31... Bxe4 {[%clk 0:01:16]} 32. Rdd7 {[%clk 0:13:48]} 32... h5
{[%clk 0:00:57]} 33. Rxf7 {[%clk 0:13:53]} 33... Qh6 {[%clk 0:00:34]} 34. Rg7+
{[%clk 0:14:05]} 34... Kh8 {[%clk 0:01:02]} 35. Rxg6+ {[%clk 0:14:25]} 1-0

[Event "DEM U18w 2017"]
[Site "Willingen GER"]
[Date "2017.06.10"]
[Round "9"]
[White "Wiesner, Paula"]
[Black "Schumann, Rabea"]
[Result "1-0"]
[Termination "normal"]
[Board "4"]
[WhiteElo "2061"]
[BlackElo "1858"]
[WhiteClock "00:12:08"]
[BlackClock "00:00:54"]
[PlyCount "77"]
[WhiteFideId "24654019"]
[BlackFideId "12918199"]
[EventCountry "GER"]
[EventRounds "9"]
[EventType "swiss"]
[EventDate "2017.06.03"]

1. d4 {[%clk 1:31:00]} 1... Nf6 {[%clk 1:30:49]} 2. c4 {[%clk 1:31:22]} 2... g6
{[%clk 1:31:10]} 3. Nc3 {[%clk 1:31:43]} 3... d5 {[%clk 1:31:27]} 4. cxd5 {
[%clk 1:32:06]} 4... Nxd5 {[%clk 1:31:52]} 5. e4 {[%clk 1:32:24]} 5... Nxc3 {
[%clk 1:32:14]} 6. bxc3 {[%clk 1:32:45]} 6... Bg7 {[%clk 1:32:29]} 7. Bc4 {
[%clk 1:32:25]} 7... O-O {[%clk 1:32:43]} 8. Ne2 {[%clk 1:32:41]} 8... c5 {
[%clk 1:33:00]} 9. O-O {[%clk 1:31:44]} 9... Nc6 {[%clk 1:33:14]} 10. Be3 {
[%clk 1:29:55]} 10... Bg4 {[%clk 1:32:46]} 11. f3 {[%clk 1:28:17]} 11... Na5 {
[%clk 1:32:28]} 12. Bxf7+ {[%clk 1:14:25]} 12... Rxf7 {[%clk 1:32:50]} 13. fxg4
{[%clk 1:14:52]} 13... Rxf1+ {[%clk 1:32:49]} 14. Qxf1 {[%clk 1:14:31]} 14...
Nc4 {[%clk 1:31:14]} 15. Qf3 {[%clk 1:11:58]} 15... Nxe3 {[%clk 1:27:25]} 16.
Qxe3 {[%clk 1:12:23]} 16... cxd4 {[%clk 1:25:12]} 17. cxd4 {[%clk 1:11:36]}
17... Qd7 {[%clk 1:24:12]} 18. g5 {[%clk 1:08:46]} 18... Rd8 {[%clk 0:52:32]}
19. e5 {[%clk 0:58:16]} 19... e6 {[%clk 0:44:25]} 20. Rc1 {[%clk 0:52:53]}
20... Qa4 {[%clk 0:23:53]} 21. Qb3 {[%clk 0:47:41]} 21... Qxb3 {[%clk 0:23:46]}
22. axb3 {[%clk 0:48:08]} 22... Rd7 {[%clk 0:21:21]} 23. Kf2 {[%clk 0:45:04]}
23... Bf8 {[%clk 0:15:45]} 24. Kf3 {[%clk 0:40:16]} 24... Bb4 {[%clk 0:07:56]}
25. Rc2 {[%clk 0:34:13]} 25... a5 {[%clk 0:07:36]} 26. Ke4 {[%clk 0:33:46]}
26... Kf7 {[%clk 0:04:42]} 27. Nf4 {[%clk 0:32:23]} 27... Ba3 {[%clk 0:02:28]}
28. Rf2 {[%clk 0:27:21]} 28... Ke7 {[%clk 0:01:50]} 29. d5 {[%clk 0:26:18]}
29... exd5+ {[%clk 0:02:10]} 30. Nxd5+ {[%clk 0:26:42]} 30... Kd8 { [%clk
0:02:21]} 31. e6 {[%clk 0:21:52]} 31... Rg7 {[%clk 0:02:18]} 32. Ke5 { [%clk
0:20:11]} 32... b5 {[%clk 0:01:23]} 33. Ra2 {[%clk 0:15:29]} 33... b4 { [%clk
0:01:35]} 34. Rf2 {[%clk 0:14:31]} 34... Ke8 {[%clk 0:01:11]} 35. Rc2 { [%clk
0:12:41]} 35... Kd8 {[%clk 0:00:57]} 36. Kf6 {[%clk 0:11:32]} 36... Rb7 { [%clk
0:00:41]} 37. e7+ {[%clk 0:11:53]} 37... Rxe7 {[%clk 0:00:41]} 38. Nxe7 { [%clk
0:12:15]} 38... a4 {[%clk 0:00:54]} 39. Ke6 {[%clk 0:12:08]} 1-0

[Event "DEM U18w 2017"]
[Site "Willingen GER"]
[Date "2017.06.10"]
[Round "9"]
[White "Sewald, Kathrin"]
[Black "Yi, Wendy"]
[Result "1-0"]
[Termination "normal"]
[Board "5"]
[WhiteElo "1902"]
[BlackElo "1693"]
[WhiteClock "00:18:04"]
[BlackClock "00:14:50"]
[PlyCount "73"]
[WhiteFideId "12964557"]
[BlackFideId "16224850"]
[EventCountry "GER"]
[EventRounds "9"]
[EventType "swiss"]
[EventDate "2017.06.03"]

1. e4 {[%clk 1:30:57]} 1... e5 {[%clk 1:30:30]} 2. Nf3 {[%clk 1:31:18]} 2...
Nc6 {[%clk 1:30:38]} 3. Bc4 {[%clk 1:31:42]} 3... Bc5 {[%clk 1:30:46]} 4. c3 {
[%clk 1:32:08]} 4... Nf6 {[%clk 1:30:31]} 5. d3 {[%clk 1:32:30]} 5... a6 {
[%clk 1:29:36]} 6. Bb3 {[%clk 1:32:31]} 6... Ba7 {[%clk 1:29:12]} 7. Nbd2 {
[%clk 1:32:53]} 7... O-O {[%clk 1:27:10]} 8. Nf1 {[%clk 1:33:05]} 8... d5 {
[%clk 1:21:45]} 9. Qe2 {[%clk 1:28:55]} 9... Re8 {[%clk 1:12:01]} 10. Ng3 {
[%clk 1:26:31]} 10... h6 {[%clk 1:10:14]} 11. O-O {[%clk 1:26:48]} 11... Be6 {
[%clk 1:05:51]} 12. h3 {[%clk 1:21:31]} 12... Na5 {[%clk 0:57:26]} 13. Bc2 {
[%clk 1:20:20]} 13... dxe4 {[%clk 0:56:50]} 14. Nxe4 {[%clk 1:18:00]} 14... Qe7
{[%clk 0:50:59]} 15. b4 {[%clk 1:14:52]} 15... Nc6 {[%clk 0:49:04]} 16. a4 {
[%clk 1:11:11]} 16... Nd5 {[%clk 0:45:55]} 17. b5 {[%clk 1:02:17]} 17... f5 {
[%clk 0:43:40]} 18. bxc6 {[%clk 0:57:43]} 18... fxe4 {[%clk 0:43:55]} 19. cxb7
{[%clk 0:50:33]} 19... exf3 {[%clk 0:40:14]} 20. bxa8=Q {[%clk 0:46:44]} 20...
fxe2 {[%clk 0:40:21]} 21. Qxa7 {[%clk 0:46:13]} 21... exf1=Q+ {[%clk 0:40:18]}
22. Kxf1 {[%clk 0:46:36]} 22... Qh4 {[%clk 0:33:17]} 23. Qc5 {[%clk 0:40:05]}
23... Nf4 {[%clk 0:28:25]} 24. Bxf4 {[%clk 0:34:00]} 24... exf4 {[%clk 0:28:49]
} 25. Re1 {[%clk 0:25:02]} 25... f3 {[%clk 0:27:49]} 26. Qc6 {[%clk 0:23:44]}
26... fxg2+ {[%clk 0:27:46]} 27. Kg1 {[%clk 0:22:21]} 27... Re7 {[%clk 0:19:28]
} 28. Rxe6 {[%clk 0:20:00]} 28... Qxh3 {[%clk 0:19:30]} 29. Qa8+ { [%clk
0:20:07]} 29... Kf7 {[%clk 0:16:12]} 30. Rxe7+ {[%clk 0:20:30]} 30... Kxe7
{[%clk 0:16:26]} 31. Qe4+ {[%clk 0:20:33]} 31... Kf6 {[%clk 0:16:25]} 32. Qf4+
{[%clk 0:19:43]} 32... Ke6 {[%clk 0:16:00]} 33. Bb3+ {[%clk 0:19:55]} 33... Kd7
{[%clk 0:15:36]} 34. Qf7+ {[%clk 0:19:03]} 34... Kd6 {[%clk 0:14:51]} 35. Qg6+
{[%clk 0:18:34]} 35... Ke5 {[%clk 0:14:32]} 36. Qxg7+ {[%clk 0:18:34]} 36...
Kd6 {[%clk 0:14:50]} 37. Qg3+ {[%clk 0:18:04]} 1-0

[Event "DEM U18w 2017"]
[Site "Willingen GER"]
[Date "2017.06.10"]
[Round "9"]
[White "Halas, Julia"]
[Black "Gatzke, Carolin"]
[Result "1-0"]
[Termination "normal"]
[Board "6"]
[WhiteElo "1855"]
[BlackElo "1778"]
[WhiteClock "00:29:49"]
[BlackClock "00:27:03"]
[PlyCount "45"]
[WhiteFideId "12931810"]
[BlackFideId "12943746"]
[EventCountry "GER"]
[EventRounds "9"]
[EventType "swiss"]
[EventDate "2017.06.03"]

1. d4 Nf6 2. Nf3 e6 3. c4 Bb4+ 4. Nbd2 c5 5. g3 cxd4 6. Nxd4 Qb6 7. e3 Nc6 8.
N4f3 d5 9. cxd5 Nxd5 10. Be2 O-O 11. O-O Rd8 12. Nc4 Qc7 13. Qc2 Be7 14. b3 Bf6
15. Bb2 Ncb4 16. Qc1 Bd7 17. a3 Na6 18. e4 Nb6 19. Bxf6 gxf6 20. Qh6 Rf8 21. e5
Kh8 22. exf6 Rg8 23. Bd3 1-0

[Event "DEM U18w 2017"]
[Site "Willingen GER"]
[Date "2017.06.10"]
[Round "9"]
[White "Simon, Tessa"]
[Black "Klenk, Sofie"]
[Result "0-1"]
[Termination "normal"]
[Board "7"]
[WhiteElo "1882"]
[BlackElo "1876"]
[PlyCount "72"]
[WhiteFideId "12929395"]
[BlackFideId "12996653"]
[EventCountry "GER"]
[EventRounds "9"]
[EventType "swiss"]
[EventDate "2017.06.03"]

1. e4 c5 2. Nf3 e6 3. d4 cxd4 4. Nxd4 Qb6 5. Nb3 Nf6 6. Bd3 Bb4+ 7. Bd2 O-O 8.
O-O Bxd2 9. N1xd2 Nc6 10. Nc4 Qc7 11. Ne3 Rd8 12. f4 d6 13. Kh1 b6 14. c3 e5
15. f5 d5 16. exd5 Nxd5 17. Nxd5 Rxd5 18. Qf3 Rd6 19. Be4 Bb7 20. Rae1 Re8 21.
Qg4 f6 22. Re3 Ne7 23. Rg3 Nd5 24. Qf3 Bc6 25. Bxd5+ Rxd5 26. Qh5 Qf7 27. Qh4
Red8 28. Qg4 a5 29. Re1 a4 30. Nc1 Rd2 31. b3 axb3 32. axb3 h5 33. Qh4 Rd1 34.
Rge3 R8d2 35. R3e2 Rxe2 36. Nxe2 Qd5 0-1

[Event "DEM U18w 2017"]
[Site "Willingen GER"]
[Date "2017.06.10"]
[Round "9"]
[White "Moses, Selina"]
[Black "Schilay, Eva"]
[Result "1-0"]
[Termination "normal"]
[Board "8"]
[WhiteElo "1948"]
[BlackElo "1665"]
[PlyCount "117"]
[WhiteFideId "12908070"]
[BlackFideId "12930164"]
[EventCountry "GER"]
[EventRounds "9"]
[EventType "swiss"]
[EventDate "2017.06.03"]

1. e4 d5 2. exd5 Qxd5 3. Nf3 Bg4 4. Be2 Nf6 5. d4 e6 6. Be3 c6 7. O-O Nbd7 8.
Nbd2 Qa5 9. c4 Be7 10. Nb3 Qc7 11. Qc2 O-O 12. Rad1 Rfd8 13. Nc1 e5 14. Ng5
Bxe2 15. Nxe2 h6 16. Nf3 Ng4 17. h3 Nxe3 18. fxe3 exd4 19. exd4 Bf6 20. Nc3 Nb6
21. Ne4 Qf4 22. Nxf6+ Qxf6 23. Ne5 Qh4 24. c5 Nd7 25. Nxf7 Rf8 26. Qc4 Kh7 27.
Qe6 Nf6 28. Nd6 Rad8 29. Qe7 Rg8 30. Rd3 Rd7 31. Qe6 Rgd8 32. Kh2 b6 33. Qf5+
Kg8 34. Qg6 Qg5 35. Qxg5 hxg5 36. Rg3 Nh7 37. Rf5 Re7 38. Rgf3 Rdd7 39. Rf1 g4
40. hxg4 Nf6 41. R5f4 bxc5 42. dxc5 Re5 43. b4 Nd5 44. Rf8+ Kh7 45. a3 Re3 46.
R1f3 Rde7 47. Nf5 Rxf3 48. gxf3 Re2+ 49. Kg3 g5 50. Rf7+ Kg6 51. Rxa7 Nf4 52.
Nh4+ gxh4+ 53. Kxf4 h3 54. Rd7 Ra2 55. Rd6+ Kg7 56. Rd1 Rxa3 57. Rh1 Rb3 58.
Rxh3 Rxb4+ 59. Ke5 1-0

[Event "DEM U18w 2017"]
[Site "Willingen GER"]
[Date "2017.06.10"]
[Round "9"]
[White "Fock, Amina"]
[Black "Silber, Stefanie"]
[Result "1/2-1/2"]
[Termination "normal"]
[Board "9"]
[WhiteElo "1592"]
[BlackElo "1644"]
[PlyCount "101"]
[WhiteFideId "12981982"]
[BlackFideId "12918245"]
[EventCountry "GER"]
[EventRounds "9"]
[EventType "swiss"]
[EventDate "2017.06.03"]

1. e4 c6 2. d4 d5 3. Nd2 dxe4 4. Nxe4 Nf6 5. Nxf6+ exf6 6. Nf3 Bd6 7. Bd3 O-O
8. O-O Bg4 9. Re1 Qc7 10. h3 Bh5 11. Be4 Nd7 12. Qd3 Bg6 13. b3 Rfe8 14. Bb2
Rad8 15. Nh4 Bxe4 16. Rxe4 Qb8 17. Nf5 Rxe4 18. Qxe4 Re8 19. Qg4 g6 20. Nh6+
Kg7 21. Qxd7 Re7 22. Nf5+ gxf5 23. Qxf5 Qe8 24. Qg4+ Kf8 25. Kf1 Re4 26. Qf3
Rf4 27. Qd3 f5 28. Qd2 Qe6 29. Re1 Re4 30. c4 Bf4 31. Rxe4 Bxd2 32. Rxe6 fxe6
33. Ke2 Bg5 34. Kf3 h5 35. g4 hxg4+ 36. hxg4 Kf7 37. a4 a6 38. d5 exd5 39. cxd5
cxd5 40. gxf5 b5 41. axb5 axb5 42. Kg4 Bd2 43. f4 Be3 44. Kf3 Bd2 45. Be5 Bc1
46. Ke2 Ba3 47. Kd3 Bc5 48. Bd4 Bf8 49. Kc3 Be7 50. b4 Bd6 51. Be5 1/2-1/2

[Event "DEM U18w 2017"]
[Site "Willingen GER"]
[Date "2017.06.10"]
[Round "9"]
[White "Kümmel, Tina"]
[Black "Schulz, Theresa Charlotte"]
[Result "0-1"]
[Termination "normal"]
[Board "10"]
[WhiteElo "1433"]
[BlackElo "1595"]
[PlyCount "128"]
[WhiteFideId "12979368"]
[BlackFideId "12952206"]
[EventCountry "GER"]
[EventRounds "9"]
[EventType "swiss"]
[EventDate "2017.06.03"]

1. d4 c5 2. Nf3 Nc6 3. g3 cxd4 4. Nxd4 Nf6 5. Bg2 g6 6. O-O Bg7 7. c4 O-O 8. e3
a6 9. Nc3 Qc7 10. b3 Rb8 11. Qe2 b6 12. Bb2 Bb7 13. Rac1 Nxd4 14. exd4 Bxg2 15.
Kxg2 Qb7+ 16. Kg1 d6 17. Rfe1 e6 18. Ne4 Qxe4 19. Qxe4 Nxe4 20. Rxe4 Rbc8 21.
Rce1 Rfd8 22. R1e2 d5 23. cxd5 Rxd5 24. f4 Rd6 25. Rd2 Rcd8 26. Rc2 Bxd4+ 27.
Bxd4 Rxd4 28. Rxd4 Rxd4 29. Rc6 Rd1+ 30. Kg2 Rd2+ 31. Kh3 Rxa2 32. Rxb6 h5 33.
b4 Kg7 34. Rb8 Rb2 35. Rb6 Kf6 36. Rxa6 Rxb4 37. Ra5 Rb2 38. Re5 Rd2 39. Ra5
Rd5 40. Ra7 g5 41. Rb7 Kg6 42. Rb8 g4+ 43. Kg2 Rd2+ 44. Kg1 Kf5 45. Rb4 f6 46.
Ra4 e5 47. fxe5 fxe5 48. Ra8 Ke4 49. Rh8 Kf3 50. Rf8+ Ke3 51. Rf5 e4 52. Rxh5
Kf3 53. Rf5+ Ke2 54. Rf4 e3 55. Re4 Rd3 56. Re6 Kd1 57. Kf1 Kd2 58. Re4 Ra3 59.
Rd4+ Kc3 60. Re4 Kd3 61. Re7 Ra1+ 62. Kg2 e2 63. Rd7+ Kc4 64. Rc7+ Kd5 0-1

[Event "DEM U18w 2017"]
[Site "Willingen GER"]
[Date "2017.06.10"]
[Round "9"]
[White "Caliebe, Nanke"]
[Black "Hartmann, Cora"]
[Result "1/2-1/2"]
[Termination "normal"]
[Board "11"]
[WhiteElo "1447"]
[BlackElo "1788"]
[PlyCount "71"]
[WhiteFideId "12980528"]
[BlackFideId "16200764"]
[EventCountry "GER"]
[EventRounds "9"]
[EventType "swiss"]
[EventDate "2017.06.03"]

1. d4 d5 2. Nf3 Nf6 3. Bf4 c5 4. e3 Nc6 5. c3 Qb6 6. Qb3 c4 7. Qc2 Bf5 8. Qc1
h6 9. h3 e6 10. Be2 Be7 11. Nbd2 O-O 12. O-O Rfc8 13. Re1 Qd8 14. Bd1 b5 15.
Bc2 Bxc2 16. Qxc2 b4 17. e4 a5 18. exd5 exd5 19. Ne5 Na7 20. Re3 Nb5 21. Rg3
Nh5 22. Nxf7 Qe8 23. Nxh6+ Kh8 24. Be5 Nxg3 25. fxg3 Bf6 26. Rf1 Ra7 27. Bxf6
Qe3+ 28. Kh2 Qxh6 29. Rf4 Kg8 30. Qf5 Rf8 31. Qxd5+ Raf7 32. Qxb5 Rxf6 33.
Qxc4+ R8f7 34. Qc8+ Rf8 35. Qc4+ R8f7 36. Qc8+ 1/2-1/2

[Event "DEM U18w 2017"]
[Site "Willingen GER"]
[Date "2017.06.10"]
[Round "9"]
[White "Wallat, Jessica"]
[Black "Shirov-Michna, Masza"]
[Result "0-1"]
[Termination "normal"]
[Board "12"]
[WhiteElo "1706"]
[BlackElo "1343"]
[PlyCount "130"]
[WhiteFideId "12909637"]
[BlackFideId "12921998"]
[EventCountry "GER"]
[EventRounds "9"]
[EventType "swiss"]
[EventDate "2017.06.03"]

1. e4 d5 2. exd5 Qxd5 3. Nc3 Qd8 4. d4 Nf6 5. Nf3 Bg4 6. h3 Bxf3 7. Qxf3 c6 8.
Be3 e6 9. O-O-O Nbd7 10. Bc4 Bd6 11. g4 Qc7 12. Rhe1 O-O-O 13. Rd3 Nb6 14. Bb3
Kb8 15. Kb1 Nbd5 16. Nxd5 Nxd5 17. c4 Nb4 18. Rdd1 Qe7 19. a3 Na6 20. c5 Bc7
21. Bc4 Qd7 22. Qe2 Qc8 23. b4 Ka8 24. Qf3 Qd7 25. Bxa6 bxa6 26. Ka1 Rb8 27.
Rb1 Rb7 28. Qe2 a5 29. Qa6 axb4 30. Rxb4 Rhb8 31. Reb1 Rxb4 32. axb4 Bd8 33. b5
cxb5 34. c6 Qc8 35. Qa2 Qxc6 36. Rc1 Qd7 37. Rb1 Bb6 38. Qd2 a6 39. Qb4 Rd8 40.
Rd1 Kb7 41. Qb1 g6 42. Qe4+ Qd5 43. Qf4 Rd7 44. Rd2 Qd6 45. Qe4+ Qd5 46. Qf4 a5
47. Qh6 Rc7 48. Qf8 Qb3 49. Rb2 Qd1+ 50. Ka2 b4 51. Bf4 b3+ 52. Rxb3 Rc2+ 53.
Rb2 Rxb2+ 54. Kxb2 Qxd4+ 55. Kc2 Qxf4 56. Qe7+ Qc7+ 57. Qxc7+ Bxc7 58. Kc3 Kb6
59. Kc4 Bd6 60. Kb3 Kb5 61. Ka2 Kb4 62. Kb2 a4 63. Ka2 a3 64. Kb1 Kb3 65. Ka1
Be5+ 0-1